[Event "Munich Laimer op 2nd"]
[Site "Munich"]
[Date "2023.05.28"]
[Round "4"]
[White "Bharath, Subramaniyam H"]
[Black "Kobl, Rudolf"]
[Result "0-1"]
[WhiteElo "2517"]
[BlackElo "2100"]
[PlyCount "78"]
[EventDate "2023.05.26"]
[EventType "swiss"]
[EventRounds "9"]
[EventCountry "GER"]
[SourceTitle "CBM 214 Extra"]
[Source "ChessBase"]
[SourceDate "2023.07.31"]
[SourceVersion "1"]
[SourceVersionDate "2023.07.31"]
[SourceQuality "1"]

1. d4 f5 2. Bf4 Nf6 3. e3 e6 4. Nf3 b6 5. Be2 Bb7 6. 0-0 Be7 7. h3 0-0 8. c4 Ne4 9. Nbd2 Nxd2 10. Nxd2 Bd6 11. Bf3 Bxf3 12. Nxf3 Qe7 13. Rc1 c5 14. Bg5 Qe8 15. dxc5 Bxc5 16. Ne5 h6 17. Bh4 g5 18. Bg3 Be7 19. Qf3 Nc6 20. Rfd1 Nxe5 21. Bxe5 Bf6 22. Bxf6 Rxf6 23. Rxd7 Qxd7 24. Qxa8+ Rf8 25. Qf3 Rd8 26. Rf1 Kg7 27. b3 Qd6 28. g4 Kg6 29. Re1 Qd2 30. gxf5+ exf5 31. Re2 Qc1+ 32. Kg2 Rd1 33. e4 f4 34. Kh2 Qb1 35. e5 Rd3 36. Qe4+ Kh5 37. e6 Rxh3+ 38. Kxh3 Qg1 39. Qxf4 g4+ 0-1

[Event "Lienz op 21st"]
[Site "Lienz"]
[Date "2023.02.15"]
[Round "6"]
[White "Kobl, Rudolf"]
[Black "Song, Julien"]
[Result "1-0"]
[WhiteElo "2086"]
[BlackElo "2358"]
[PlyCount "83"]
[EventDate "2023.02.11"]
[EventType "swiss"]
[EventRounds "9"]
[EventCountry "AUT"]
[SourceTitle "CBM 212 Extra"]
[Source "ChessBase"]
[SourceDate "2023.03.31"]
[SourceVersion "1"]
[SourceVersionDate "2023.03.31"]
[SourceQuality "1"]

1. e4 e5 2. Nf3 Nc6 3. Bc4 Bc5 4. c3 Nf6 5. d4 exd4 6. e5 d5 7. Bb5 Nd7 8. cxd4 Bb4+ 9. Nc3 Nb6 10. 0-0 0-0 11. Be3 Ne7 12. Qb3 Bxc3 13. bxc3 c6 14. Bd3 Bf5 15. Bxf5 Nxf5 16. a4 Nxe3 17. fxe3 Qe7 18. Nd2 Rab8 19. a5 Na8 20. e4 Nc7 21. exd5 cxd5 22. Ra4 f6 23. Nf3 fxe5 24. Nxe5 Rxf1+ 25. Kxf1 Rf8+ 26. Kg1 Qf6 27. Nf3 g5 28. h3 h5 29. Qxb7 Rf7 30. Qc8+ Kg7 31. Rb4 Ne6 32. Rb8 Nf8 33. Rb7 Kh6 34. Rxf7 Qxf7 35. Qd8 Qf4 36. Qxd5 g4 37. hxg4 hxg4 38. Qe5 Qc1+ 39. Qe1 Qf4 40. Qh4+ Kg7 41. Qe7+ Kg8 42. Qg5+ 1-0

[Event "Lienz op 21st"]
[Site "Lienz"]
[Date "2023.02.12"]
[Round "2"]
[White "Kobl, Rudolf"]
[Black "Sandipan, Chanda"]
[Result "0-1"]
[WhiteElo "2086"]
[BlackElo "2453"]
[PlyCount "68"]
[EventDate "2023.02.11"]
[EventType "swiss"]
[EventRounds "9"]
[EventCountry "AUT"]
[SourceTitle "CBM 212 Extra"]
[Source "ChessBase"]
[SourceDate "2023.03.31"]
[SourceVersion "1"]
[SourceVersionDate "2023.03.31"]
[SourceQuality "1"]

1. e4 e5 2. Nf3 d6 3. d4 exd4 4. Nxd4 g6 5. Nc3 Bg7 6. g3 Nf6 7. Bg2 0-0 8. 0-0 Bd7 9. h3 Nc6 10. Nde2 Qc8 11. Kh2 Rb8 12. a4 Nb4 13. Be3 b6 14. Nf4 Re8 15. Nd3 a5 16. Re1 Bc6 17. Bf4 Qb7 18. Nxb4 axb4 19. Nd5 Nxd5 20. exd5 Rxe1 21. Qxe1 Bxd5 22. Bxd5 Qxd5 23. Qxb4 Qf3 24. Kg1 Re8 25. a5 bxa5 26. Qb5 Re2 27. Qb8+ Bf8 28. Rf1 Qc6 29. c3 Re8 30. Qa7 a4 31. Ra1 Bg7 32. Be3 Ra8 33. Rxa4 Rxa7 34. Rxa7 h5 0-1

[Event "Staufer op 33rd"]
[Site "Schwaebisch Gmuend"]
[Date "2023.01.02"]
[Round "1"]
[White "Ruff, Maximilian"]
[Black "Kobl, Rudolf"]
[Result "1-0"]
[WhiteElo "2279"]
[BlackElo "2107"]
[PlyCount "89"]
[EventDate "2023.01.02"]
[EventType "swiss"]
[EventRounds "9"]
[EventCountry "GER"]
[SourceTitle "CBM 212 Extra"]
[Source "ChessBase"]
[SourceDate "2023.03.31"]
[SourceVersion "1"]
[SourceVersionDate "2023.03.31"]
[SourceQuality "1"]

1. d4 Nf6 2. c4 e6 3. Nc3 Bb4 4. f3 c5 5. d5 b5 6. e4 0-0 7. Nh3 bxc4 8. Bxc4 Nxd5 9. Bxd5 exd5 10. Qxd5 Qb6 11. 0-0 Nc6 12. Be3 Ne7 13. Qxa8 Ba6 14. Nd5 Rxa8 15. Nxb6 axb6 16. Rfd1 d5 17. a3 Ba5 18. b4 cxb4 19. axb4 Bxb4 20. exd5 Ba5 21. d6 Nc6 22. d7 Rd8 23. Rd6 Bb5 24. Rb1 Ba4 25. Rxb6 Ne5 26. Ra6 Bc7 27. Rd5 Bxd7 28. Ra7 Bc6 29. Rxd8+ Bxd8 30. Nf4 h6 31. Ra1 Bf6 32. Rb1 Nc4 33. Bc5 Ne5 34. Nh5 Bh4 35. Bd4 Bxf3 36. Nxg7 Nc6 37. Bc3 Be4 38. Rf1 Bg5 39. Re1 Bg6 40. Re8+ Kh7 41. Ne6 Be3+ 42. Kh1 Bf5 43. Nf8+ Kg8 44. Nd7+ Kh7 45. Nf6+ 1-0

[Event "Oberliga Bayern 2122"]
[Site "Bayern"]
[Date "2022.05.08"]
[Round "8.8"]
[White "Tiller, Jaroslav"]
[Black "Kobl, Rudolf"]
[Result "0-1"]
[WhiteElo "2042"]
[BlackElo "2114"]
[PlyCount "73"]
[EventDate "2021.10.24"]
[EventType "team-tourn"]
[EventRounds "9"]
[EventCountry "GER"]
[SourceTitle "EXT 2024"]
[Source "ChessBase"]
[SourceDate "2023.10.10"]
[SourceVersion "1"]
[SourceVersionDate "2023.10.10"]
[SourceQuality "1"]
[WhiteTeam "Bindlach Aktionaer"]
[BlackTeam "Pang/Rosenheim"]
[WhiteTeamCountry "GER"]
[BlackTeamCountry "GER"]

1. d4 Nf6 2. Bf4 g6 3. e3 Bg7 4. Nf3 d6 5. c3 0-0 6. Bc4 Nh5 7. Bg5 h6 8. Bh4 g5 9. Nfd2 Nf6 10. Bg3 c5 11. dxc5 dxc5 12. Qe2 Nc6 13. 0-0 Na5 14. Bd3 Nh5 15. Nc4 Nxg3 16. hxg3 Nxc4 17. Bxc4 Bd7 18. a4 Qc7 19. Nd2 Bc6 20. Bb5 Rad8 21. Rfd1 b6 22. a5 Rd6 23. Bxc6 Qxc6 24. axb6 axb6 25. Nc4 Rxd1+ 26. Rxd1 b5 27. Na3 b4 28. Nb5 Ra8 29. c4 Ra2 30. Rd8+ Kh7 31. Qd3+ Qg6 32. Qxg6+ Kxg6 33. b3 Rb2 34. Rd3 Bc3 35. Nxc3 Rxb3 36. Kf1 bxc3 37. Ke2 0-1

[Event "Bassano del Grappa Easter op-A 2nd"]
[Site "Bassano del Grappa"]
[Date "2022.04.14"]
[Round "1"]
[White "Fischer, Daniel1111"]
[Black "Kobl, Rudolf"]
[Result "1-0"]
[WhiteElo "2317"]
[BlackElo "2031"]
[PlyCount "95"]
[EventDate "2022.04.14"]
[EventType "swiss"]
[EventRounds "9"]
[EventCountry "ITA"]
[SourceTitle "EXT 2024"]
[Source "ChessBase"]
[SourceDate "2023.10.10"]
[SourceVersion "1"]
[SourceVersionDate "2023.10.10"]
[SourceQuality "1"]

1. e4 c5 2. Nf3 e6 3. d4 cxd4 4. Nxd4 Nc6 5. Nc3 Qc7 6. Be3 a6 7. Qf3 Nf6 8. 0-0-0 Ne5 9. Qg3 b5 10. Bf4 d6 11. Bxb5+ axb5 12. Bxe5 dxe5 13. Ncxb5 Qb7 14. Qxe5 Be7 15. Nc7+ Kf8 16. Nxa8 Qxa8 17. f3 Qxa2 18. Nb3 Qa7 19. Kb1 h5 20. Rd3 h4 21. Rhd1 Qb6 22. Rc3 Bd7 23. Nc5 Bc6 24. Nxe6+ fxe6 25. Qxe6 Bc5 26. Qc8+ Ne8 27. Qf5+ Kg8 28. Rxc5 Rh6 29. Rc3 Nd6 30. Qf4 Nb5 31. Rcd3 Rd6 32. Kc1 Rxd3 33. Rxd3 Qf2 34. Rd8+ Kh7 35. Qf5+ g6 36. Qf7+ Kh6 37. Rh8+ Kg5 38. Qe7+ Kf4 39. Qxh4+ Ke3 40. Qxf2+ Kxf2 41. Rg8 Nd4 42. Rxg6 Bb5 43. h4 Ne2+ 44. Kd2 Nf4 45. Rf6 Kg3 46. e5 Bc4 47. b3 Bg8 48. h5 1-0

[Event "Deizisau Autumn op 15th"]
[Site "Deizisau"]
[Date "2021.10.31"]
[Round "5"]
[White "Kobl, Rudolf"]
[Black "Dabo Peranic, Robert"]
[Result "1-0"]
[WhiteElo "1973"]
[BlackElo "2288"]
[PlyCount "53"]
[EventDate "2021.10.29"]
[EventType "swiss"]
[EventRounds "7"]
[EventCountry "GER"]
[SourceTitle "CBM 204 Extra"]
[Source "ChessBase"]
[SourceDate "2021.11.30"]
[SourceVersion "1"]
[SourceVersionDate "2021.11.30"]
[SourceQuality "1"]

1. e4 e5 2. Nf3 Nc6 3. Bc4 Nf6 4. d4 exd4 5. 0-0 Nxe4 6. Re1 d5 7. Bxd5 Qxd5 8. Nc3 Qa5 9. Nxe4 Be6 10. Bd2 Bb4 11. Nxd4 Nxd4 12. c3 0-0-0 13. cxb4 Qf5 14. Rc1 b6 15. Qa4 Nb5 16. Qa6+ Kb8 17. Rc5 bxc5 18. Qxb5+ Kc8 19. Qa6+ Kd7 20. Bg5 cxb4 21. Rd1+ Bd5 22. Qd3 Kc6 23. Rc1+ Kb6 24. Be3+ c5 25. Bxc5+ Kc7 26. Bd6+ Kb6 27. Bc7+ 1-0

[Event "Deizisau Autumn op 15th"]
[Site "Deizisau"]
[Date "2021.10.30"]
[Round "2"]
[White "Kobl, Rudolf"]
[Black "Koellner, Christof"]
[Result "1-0"]
[WhiteElo "1973"]
[BlackElo "2153"]
[PlyCount "73"]
[EventDate "2021.10.29"]
[EventType "swiss"]
[EventRounds "7"]
[EventCountry "GER"]
[SourceTitle "CBM 204 Extra"]
[Source "ChessBase"]
[SourceDate "2021.11.30"]
[SourceVersion "1"]
[SourceVersionDate "2021.11.30"]
[SourceQuality "1"]

1. e4 d6 2. d4 Nf6 3. Nc3 e5 4. Nf3 Nbd7 5. Bc4 Be7 6. 0-0 c6 7. a4 Qc7 8. Re1 h6 9. h3 Nf8 10. Nh4 g6 11. Be3 exd4 12. Bxd4 N8d7 13. f4 Rh7 14. e5 dxe5 15. fxe5 Nd5 16. e6 fxe6 17. Nxg6 N7b6 18. Bd3 Nxc3 19. Bxc3 Bc5+ 20. Kh1 Nd5 21. Qh5 Kd8 22. Be5 Bd6 23. Bxd6 Qxd6 24. Ne5 Nf6 25. Nf7+ Rxf7 26. Qxf7 Qe7 27. Qg6 Bd7 28. Rf1 Ne8 29. Rad1 Kc7 30. Rf7 Qg5 31. Qxe6 Rd8 32. Rxd7+ Rxd7 33. Qxe8 Rg7 34. Qe4 Re7 35. Qf5 Qg3 36. Rf1 Qg7 37. Qf6 1-0

[Event "DSOL 05 Liga Gr-D 1st"]
[Site "Playchess.com INT"]
[Date "2020.07.17"]
[Round "4.1"]
[White "Kobl, Rudolf"]
[Black "Floeter, Volker"]
[Result "1/2-1/2"]
[WhiteElo "2022"]
[BlackElo "1707"]
[PlyCount "34"]
[EventDate "2020.06.22"]
[EventType "team-tourn (rapid)"]
[EventCountry "GER"]
[SourceTitle "EXT 2021"]
[Source "ChessBase"]
[SourceDate "2020.10.23"]
[SourceVersion "1"]
[SourceVersionDate "2020.10.23"]
[SourceQuality "1"]
[WhiteTeam "Wasserburg"]
[BlackTeam "Billerbeck Tuerme"]
[WhiteTeamCountry "GER"]
[BlackTeamCountry "GER"]

1. d4 Nf6 2. c4 c5 3. d5 b5 4. cxb5 a6 5. f3 e6 6. e4 exd5 7. e5 Qe7 8. Qe2 Ng8 9. Nc3 Bb7 10. Nh3 c4 11. Nf4 Qc5 12. Nfxd5 Bxd5 13. Be3 Qb4 14. a3 Qa5 15. Bd2 Be6 16. Nd5 Qd8 17. Qe3 Bxd5 1/2-1/2

[Event "DSOL 05 Liga Gr-D 1st"]
[Site "Playchess.com INT"]
[Date "2020.06.26"]
[Round "1.1"]
[White "Kobl, Rudolf"]
[Black "Rechlin, Stefan"]
[Result "0-1"]
[WhiteElo "2022"]
[BlackElo "1825"]
[PlyCount "106"]
[EventDate "2020.06.22"]
[EventType "team-tourn (rapid)"]
[EventCountry "GER"]
[SourceTitle "EXT 2021"]
[Source "ChessBase"]
[SourceDate "2020.10.23"]
[SourceVersion "1"]
[SourceVersionDate "2020.10.23"]
[SourceQuality "1"]
[WhiteTeam "Wasserburg"]
[BlackTeam "Zell Schwarz Weiss"]
[WhiteTeamCountry "GER"]
[BlackTeamCountry "GER"]

1. e4 e5 2. Nf3 Nc6 3. Bc4 Nf6 4. d4 exd4 5. 0-0 Be7 6. e5 Ne4 7. Bd5 Nc5 8. Re1 0-0 9. Nxd4 Nxd4 10. Qxd4 c6 11. Bf3 d5 12. Nc3 Bf5 13. Qd1 Qb6 14. b3 Rad8 15. Be3 d4 16. Bxd4 Qc7 17. Re2 Ne6 18. Rd2 Bg5 19. Be3 Bxe3 20. fxe3 Qxe5 21. Rxd8 Qxe3+ 22. Kh1 Rxd8 23. Qe1 Qxe1+ 24. Rxe1 Bxc2 25. Rc1 Rd2 26. Kg1 g6 27. Kf1 Nd4 28. h4 Nxf3 29. gxf3 Kg7 30. Kg1 Bf5 31. a4 Rb2 32. Ne4 Bxe4 33. fxe4 Rxb3 34. Rc4 Kf6 35. a5 a6 36. Rd4 Rh3 37. Rb4 Rxh4 38. e5+ Kg5 39. Rxb7 Re4 40. Rxf7 Rxe5 41. Rxh7 Rxa5 42. Rc7 Ra2 43. Rxc6 Kh5 44. Rc8 g5 45. Rh8+ Kg4 46. Ra8 Kg3 47. Kf1 g4 48. Rf8 a5 49. Ra8 a4 50. Ra5 a3 51. Ra4 Ra1+ 52. Ke2 a2 53. Ke3 Re1+ 0-1

[Event "Oberbayern-ch"]
[Site "Groebenzell"]
[Date "2018.05.11"]
[Round "4.6"]
[White "Kobl, Rudolf"]
[Black "Lippert, Frank"]
[Result "0-1"]
[WhiteElo "2048"]
[BlackElo "2032"]
[PlyCount "76"]
[EventDate "2018.05.10"]
[EventType "swiss"]
[EventRounds "7"]
[EventCountry "GER"]
[SourceTitle "EXT 2022"]
[Source "ChessBase"]
[SourceDate "2021.10.06"]
[SourceVersion "1"]
[SourceVersionDate "2021.10.06"]
[SourceQuality "1"]

1. e4 e5 2. Nf3 Nc6 3. Bc4 Bc5 4. b4 Bxb4 5. c3 Ba5 6. d4 Bb6 7. 0-0 Qf6 8. Bg5 Qg6 9. dxe5 f6 10. exf6 gxf6 11. Bf4 Nge7 12. Re1 d6 13. Nh4 Qg4 14. Qxg4 Bxg4 15. h3 Bh5 16. Nf5 Bf7 17. Ng7+ Kf8 18. Bxf7 Kxf7 19. Nh5 Ne5 20. Rd1 Rhg8 21. Kf1 N5g6 22. Bg3 f5 23. Nd2 Raf8 24. Re1 Ke8 25. f3 f4 26. Bh2 Nc6 27. Nc4 Nce5 28. Nxb6 axb6 29. Rad1 Nh4 30. Nxf4 Nhxf3 31. gxf3 Nxf3 32. Ke2 Nxh2 33. Ne6 Rg2+ 34. Ke3 Rf3+ 35. Kd4 Kd7 36. Ng5 Rxg5 37. Rh1 b5 38. Rxh2 c5# 0-1

[Event "Oberbayern-ch"]
[Site "Groebenzell"]
[Date "2018.05.10"]
[Round "2.3"]
[White "Kobl, Rudolf"]
[Black "Lochte, Thomas"]
[Result "1/2-1/2"]
[WhiteElo "2048"]
[BlackElo "2135"]
[PlyCount "80"]
[EventDate "2018.05.10"]
[EventType "swiss"]
[EventRounds "7"]
[EventCountry "GER"]
[SourceTitle "EXT 2022"]
[Source "ChessBase"]
[SourceDate "2021.10.06"]
[SourceVersion "1"]
[SourceVersionDate "2021.10.06"]
[SourceQuality "1"]

1. d4 Nf6 2. c4 e5 3. dxe5 Ng4 4. Bf4 Bb4+ 5. Nc3 Bxc3+ 6. bxc3 Nc6 7. Nf3 Qe7 8. Qd5 Qa3 9. Qd2 Qc5 10. e3 0-0 11. h3 Nh6 12. Be2 Re8 13. 0-0 Nf5 14. Qd5 d6 15. exd6 cxd6 16. g4 Nfe7 17. Qxd6 Qa5 18. Qd2 h5 19. Nd4 hxg4 20. Nxc6 Nxc6 21. hxg4 Be6 22. Rab1 Qa4 23. c5 Rad8 24. Qb2 f6 25. Qxb7 Bd5 26. c4 Nd4 27. cxd5 Nxe2+ 28. Kg2 Nxf4+ 29. exf4 Qxf4 30. Rb4 Re4 31. Rxe4 Qxe4+ 32. f3 Qc2+ 33. Rf2 Qxc5 34. Rd2 Qc3 35. Rf2 Qd4 36. Re2 Rxd5 37. Qb8+ Kh7 38. Qb1+ Qd3 39. Qxd3+ Rxd3 40. Kg3 Ra3 1/2-1/2